[Event "Fast SC for NEW Members"]
[Site "SchemingMind.com"]
[Date "2006.11.03"]
[Round "-"]
[White "Tomasz Langier"]
[Black "con h"]
[Result "1-0"]
[WhiteCountry "POL"]
[BlackCountry "IRL"]
[WhiteElo "1478"]
[WhiteRD "120"]
[BlackElo "1298"]
[BlackRD "137"]
[GameID "74171"]

1. e4 b5 2. Bxb5 Bb7 3. Na3 Bxe4 4. f3 Bg6 5. Nh3 Bf5 6. O-O c6 7. Bc4 Nh6 8. c3 Ng8 9. Qb3 Qc7 10. Bxf7+ Kd8
11. Bxg8 Be6 12. Bxe6 dxe6 13. Qxe6 Qd7 14. Qe5 Qd6 15. Qe4 c5 16. Qxa8 Qc6 17. Qxb8+ Kd7 18. d4 Qc8 19. Qxa7+ Qc7 20. Qa4+ Qc6
21. Qc2 cxd4 22. Qf5+ e6 23. Qe5 Bd6 24. Qxg7+ Be7 25. Bg5 Qd6 26. Qxh8 dxc3 27. Rad1 Qxd1 28. Rxd1+ Kc7 29. Qxc3+ Kb6 30. Nc4+ Kc6
31. Ne5+ Kb7 32. Rd7+ Kb6 33. Qc6+ Ka5 34. Rb7 Bb4 35. Qa6+ Kxa6 36. Rxb4 Ka5 37. Nc6+ Ka6 38. a4 h5 39. a5 h4 40. Rb6#
1-0

[Event "Fast SC for NEW Members"]
[Site "SchemingMind.com"]
[Date "2006.11.03"]
[Round "-"]
[White "con h"]
[Black "Tomasz Langier"]
[Result "0-1"]
[WhiteCountry "IRL"]
[BlackCountry "POL"]
[WhiteElo "1298"]
[WhiteRD "137"]
[BlackElo "1478"]
[BlackRD "120"]
[GameID "74172"]

1. d4 e6 2. e4 d5 3. exd5 Bb4+ 4. Bd2 Bxd2+ 5. Qxd2 Qxd5 6. Nc3 Qd6 7. a4 Nf6 8. Bd3 O-O 9. Nb5 Qe7 10. c3 a6
11. c4 b6 12. Nc3 e5 13. dxe5 Qxe5+ 14. Qe2 Qd6 15. Na2 Re8 16. Be4 Nxe4 17. f3 Nf6 18. Rd1 Rxe2+ 19. Nxe2 Qe7 20. Nc3 g6
21. Ne4 Nxe4 22. Rd4 Qb4+ 23. Kf1 Nd2+ 24. Ke1 Nxf3+ 25. Kf2 Nxd4 26. Nxd4 Bg4 27. Re1 Qd2+ 28. Ne2 Nc6 29. b3 Nd4 30. h3 Bxe2
31. b4 Bxc4+ 32. Re2 Qxe2+ 33. Kg3 Bd5 34. a5 Qxg2+ 35. Kf4 Qe4+ 36. Kg3 Qf3+ 37. Kh2 Qg2#
0-1

[Event "Fast SC for NEW Members"]
[Site "SchemingMind.com"]
[Date "2006.11.03"]
[Round "-"]
[White "bartleby en passant"]
[Black "con h"]
[Result "1-0"]
[WhiteCountry "IRL"]
[BlackCountry "IRL"]
[WhiteElo "1490"]
[WhiteRD "171"]
[BlackElo "1183"]
[BlackRD "185"]
[GameID "74217"]

1. e4 d5 2. exd5 Qxd5 3. Nc3 Qe6+ 4. Nge2 Nh6 5. d4 Nf5 6. d5 Qd6 7. Bf4 Qd8 8. Ng3 Nh4 9. Bd3 Nxg2+ 10. Kf1 c6
11. Kxg2 cxd5 12. Bb5+ Bd7 13. Bxd7+ Qxd7 14. Qxd5 Qc6 15. Rhe1 e6 16. Qxc6+ bxc6 17. Rad1 Bc5 18. Nce4 Bb4 19. c3 Ba5 20. Nd6+ Ke7
21. Rd3 c5 22. Ngf5+ Kf6 23. Be5+ Kg5 24. Rg3+ Kh5 25. Nxg7+ Kh4 26. Bf6#
1-0

[Event "Fast SC for NEW Members"]
[Site "SchemingMind.com"]
[Date "2006.11.02"]
[Round "-"]
[White "bartleby en passant"]
[Black "Tomasz Langier"]
[Result "1-0"]
[WhiteCountry "IRL"]
[BlackCountry "POL"]
[WhiteElo "1490"]
[WhiteRD "171"]
[BlackElo "1308"]
[BlackRD "186"]
[GameID "74218"]

1. e4 c6 2. d4 e6 3. Nf3 Bb4+ 4. Bd2 Bxd2+ 5. Qxd2 Nf6 6. Bd3 O-O 7. O-O d5 8. e5 Nfd7 9. Re1 Qb6 10. b3 a5
11. Qd1 a4 12. Bxh7+ Kxh7 13. Ng5+ Kh6 14. Qg4 f5 15. Qh4+ Kg6 16. Qh7+ Kxg5 17. f4+ Kxf4 18. Qh4#
1-0

[Event "Fast SC for NEW Members"]
[Site "SchemingMind.com"]
[Date "2006.11.03"]
[Round "-"]
[White "con h"]
[Black "bartleby en passant"]
[Result "0-1"]
[WhiteCountry "IRL"]
[BlackCountry "IRL"]
[WhiteElo "1298"]
[WhiteRD "137"]
[BlackElo "1777"]
[BlackRD "109"]
[GameID "74219"]

1. e4 c5 2. c4 Nf6 3. e5 Ne4 4. Qc2 Ng5 5. Nh3 e6 6. Nxg5 Qxg5 7. d3 Qxe5+ 8. Be3 Nc6 9. a4 Nb4 10. Qd1 Qxb2
11. Qc1 Qxa1 12. Be2 Qxa4 13. Bd1 Qc6 14. Bf3 Nxd3+ 15. Ke2 Nxc1+ 16. Bxc1 Qb6 17. Ba3 d5 18. Rc1 Bd6 19. cxd5 exd5 20. Bxd5 O-O
21. Be4 Re8 22. Nc3 Bf5 23. f3 Qb3 24. Rc2 Qxa3 25. Ra2 Qxc3 26. Rc2 Qb4 27. g4 Bxe4 28. fxe4 Rxe4+ 29. Kf3 Rf4+ 30. Ke3 Re8+
31. Kd3 Qd4#
0-1

[Event "Fast SC for NEW Members"]
[Site "SchemingMind.com"]
[Date "2006.11.02"]
[Round "-"]
[White "Tomasz Langier"]
[Black "bartleby en passant"]
[Result "0-1"]
[WhiteCountry "POL"]
[BlackCountry "IRL"]
[WhiteElo "1478"]
[WhiteRD "120"]
[BlackElo "1777"]
[BlackRD "109"]
[GameID "74220"]

1. e4 e5 2. c3 Nf6 3. Bd3 Nc6 4. Nf3 Bc5 5. O-O O-O 6. Na3 d5 7. Re1 dxe4 8. Bxe4 Bg4 9. Qc2 Nxe4 10. Qxe4 Bxf3
11. Qxf3 Qf6 12. Qxf6 gxf6 13. Re4 Rad8 14. Nc2 Rfe8 15. b4 Bb6 16. Ne1 f5 17. Rh4 Ne7 18. Nf3 Ng6 19. Rh5 f4 20. Ng5 Nf8
21. c4 c5 22. Ne4 Re6 23. Bb2 Ng6 24. Nxc5 Bxc5 25. bxc5 Rxd2 26. Bc3 Rc2 27. Ba5 Rxc4 28. Rd1 Rxc5 29. Rd8+ Kg7 30. Bd2 Rcc6
31. g4 Rcd6 32. Rc8 Rxd2 33. Rc5 f3 34. Rc1 Red6 35. Rf1 Rd1 36. h3 Rxf1+ 37. Kh2 Rdd1 38. g5 Rh1+ 39. Kg3 e4
0-1

[Event "Fast SC for NEW Members"]
[Site "SchemingMind.com"]
[Date "2006.11.04"]
[Round "-"]
[White "Marko"]
[Black "con h"]
[Result "0-1"]
[WhiteCountry "CRO"]
[BlackCountry "IRL"]
[WhiteElo "1232"]
[WhiteRD "133"]
[BlackElo "1298"]
[BlackRD "137"]
[GameID "74297"]

1. e4 e5 2. Nf3 Bb4 3. Nxe5 d6 4. Nd3 Ne7 5. Nxb4 Qd7 6. d4 c5 7. dxc5 dxc5 8. Qxd7+ Bxd7 9. Nd5 Nxd5 10. exd5 Rf8
11. Nc3 Bf5 12. Bb5+ Nc6 13. dxc6 Bxc2 14. cxb7+ Ke7 15. bxa8=Q Rxa8 16. O-O Rd8 17. Ba4 Bd3 18. Rd1 Bc2 19. Rxd8 Bxa4 20. Ra8 Ke6
21. Nxa4 c4 22. Rxa7 Kd5 23. Nb6+ Ke6 24. Bd2 Ke5 25. Nxc4+ Kd4 26. Rd7+ Kxc4
0-1

[Event "Fast SC for NEW Members"]
[Site "SchemingMind.com"]
[Date "2006.11.02"]
[Round "-"]
[White "Marko"]
[Black "Tomasz Langier"]
[Result "0-1"]
[WhiteCountry "CRO"]
[BlackCountry "POL"]
[WhiteElo "1232"]
[WhiteRD "133"]
[BlackElo "1478"]
[BlackRD "120"]
[GameID "74298"]

1. e4 c6 2. d4 Nf6 3. Nc3 Qa5 4. Bd2 Qc7 5. Nf3 e6 6. Bd3 Be7 7. O-O O-O 8. e5 Nh5 9. Ng5 g6 10. Nge4 d6
11. exd6 Bxd6 12. Nxd6 Qxd6 13. Be2 Ng7 14. Bh6 e5 15. dxe5 Qxe5 16. Qd3 Bf5 17. Bxg7 Kxg7 18. Qd2 Nd7 19. Bd3 Rae8 20. Rfe1 Qf6
21. Bxf5 Qxf5 22. Rad1 Nf6 23. Rxe8 Rxe8
0-1

[Event "Fast SC for NEW Members"]
[Site "SchemingMind.com"]
[Date "2006.11.02"]
[Round "-"]
[White "Marko"]
[Black "bartleby en passant"]
[Result "0-1"]
[WhiteCountry "CRO"]
[BlackCountry "IRL"]
[WhiteElo "1232"]
[WhiteRD "133"]
[BlackElo "1777"]
[BlackRD "109"]
[GameID "74299"]

1. e4 e5 2. Nf3 Nc6 3. Bb5 a6 4. Ba4 Nf6 5. O-O Be7 6. Re1 b5 7. Bb3 O-O 8. c3 d6 9. h3 Bb7 10. d4 Na5
11. Bc2 c5 12. d5 Rc8 13. Nbd2 Re8 14. a4 b4 15. c4 b3 16. Nxb3 Nxc4 17. Nbd2 Nxd2 18. Nxd2 a5 19. Nc4 Ba6 20. Bd3 Rb8
21. Ne3 Bxd3 22. Qxd3 h6 23. Nf5 Nh5 24. Nxe7+ Qxe7
0-1

[Event "Fast SC for NEW Members"]
[Site "SchemingMind.com"]
[Date "2006.11.04"]
[Round "-"]
[White "con h"]
[Black "Marko"]
[Result "0-1"]
[WhiteCountry "IRL"]
[BlackCountry "CRO"]
[WhiteElo "1183"]
[WhiteRD "185"]
[BlackElo "1650"]
[BlackRD "206"]
[GameID "74300"]

1. h4 e5 2. Rh3 d5 3. Rd3 Nf6 4. g4 Bxg4 5. Bh3 Bxh3 6. Nxh3 Qd6 7. Ng5 e4 8. Rb3 Qh2 9. Nh3 Qh1+ 10. Ng1 Qxg1#
0-1

[Event "Fast SC for NEW Members"]
[Site "SchemingMind.com"]
[Date "2006.11.02"]
[Round "-"]
[White "Tomasz Langier"]
[Black "Marko"]
[Result "1-0"]
[WhiteCountry "POL"]
[BlackCountry "CRO"]
[WhiteElo "1478"]
[WhiteRD "120"]
[BlackElo "1232"]
[BlackRD "133"]
[GameID "74301"]

1. e4 e5 2. d3 Nc6 3. Be2 Nd4 4. c3 Nxe2 5. Nxe2 d6 6. O-O Be7 7. d4 Nf6 8. Ng3 O-O 9. Na3 a6 10. d5 b5
11. Nh5 Nxh5 12. Qxh5 Bf6 13. Qf3 g6 14. Bh6 Bg7 15. Bxg7 Kxg7 16. Rae1 f5 17. exf5 Rxf5 18. Qd1 Rg5 19. g3 Bh3 20. Nc2 Bxf1
21. Rxf1 Rf5 22. Ne3 Rf8 23. Ng4 Qd7 24. f3 c5 25. dxc6 Qxc6 26. b4 Qxc3 27. Qxd6 Qd4+ 28. Qxd4 exd4 29. h4 d3 30. Rd1 Rxf3
31. Ne5 Rxg3+ 32. Kf2
1-0

[Event "Fast SC for NEW Members"]
[Site "SchemingMind.com"]
[Date "2006.11.04"]
[Round "-"]
[White "bartleby en passant"]
[Black "Marko"]
[Result "1-0"]
[WhiteCountry "IRL"]
[BlackCountry "CRO"]
[WhiteElo "1777"]
[WhiteRD "109"]
[BlackElo "1232"]
[BlackRD "133"]
[GameID "74302"]

1. e4 e5 2. Nf3 Nf6 3. Nxe5 d6 4. Nf3 Nxe4 5. d4 d5 6. Bd3 Nc6 7. O-O Be7 8. Re1 Bg4 9. Nc3 Bxf3 10. Qxf3 Nxd4
11. Qd1 Nxc3 12. bxc3 Ne6 13. Qg4 Bf6 14. Bb2 O-O 15. Rab1 g6 16. c4 Bxb2 17. Rxb2 Nc5 18. Rbb1 Nxd3 19. cxd3 dxc4 20. Qxc4 b6
21. Re3 Qd7 22. Rc1 c5 23. Rce1 Rfe8 24. Re4 Rxe4 25. Qxe4 Rd8 26. Re3 Kf8 27. Qe5 Qd4 28. Qe7+ Kg7 29. g3 Rd7 30. Qe8 Qg4
31. Qe5+ f6 32. Qe8 c4 33. dxc4 Rd1+ 34. Kg2 Qxc4 35. Re7+ Kh6 36. Qf8+ Kg5 37. f4+ Kh5 38. g4+ Kh4 39. Qxf6+
1-0

[Event "Fast SC for NEW Members"]
[Site "SchemingMind.com"]
[Date "2006.11.02"]
[Round "-"]
[White "veteros"]
[Black "Tomasz Langier"]
[Result "0-1"]
[WhiteCountry "AUS"]
[BlackCountry "POL"]
[WhiteElo "1339"]
[WhiteRD "126"]
[BlackElo "1478"]
[BlackRD "120"]
[GameID "74313"]

1. d4 d6 2. Nf3 c5 3. e3 Nc6 4. dxc5 dxc5 5. Qxd8+ Nxd8 6. Bc4 e6 7. Ne5 Nh6 8. e4 g6 9. Nc3 Bg7 10. Nf3 O-O
11. Be3 b6 12. h3 Nc6 13. O-O-O Nb4 14. Rd6 Rb8 15. a3 Na6 16. Nb5 f5 17. Nxa7 Bb7 18. Ng5 Rbd8 19. Rxb6 Bc8 20. Nxc8 Rxc8
21. Bxe6+ Kh8 22. Bxc8 Rxc8 23. Rxa6 Kg8 24. Ra7 Kf8 25. Ne6+ Kg8
0-1

[Event "Fast SC for NEW Members"]
[Site "SchemingMind.com"]
[Date "2006.11.02"]
[Round "-"]
[White "veteros"]
[Black "bartleby en passant"]
[Result "0-1"]
[WhiteCountry "AUS"]
[BlackCountry "IRL"]
[WhiteElo "1339"]
[WhiteRD "126"]
[BlackElo "1777"]
[BlackRD "109"]
[GameID "74314"]

1. c4 e5 2. Nc3 Nf6 3. Nf3 Nc6 4. g3 Bb4 5. Bg2 O-O 6. O-O e4 7. Ng5 Bxc3 8. bxc3 Re8 9. d3 exd3 10. exd3 d5
11. cxd5 Nxd5 12. Qb3 Nce7 13. Be4 Bf5 14. Ba3 h6 15. Bxe7 Rxe7 16. Nxf7 Kxf7 17. Bxf5 Kf8 18. Rae1 c6 19. Qa3 Qc7 20. c4 Nf6
21. d4 a6 22. Re5 Re8
0-1

[Event "Fast SC for NEW Members"]
[Site "SchemingMind.com"]
[Date "2006.10.30"]
[Round "-"]
[White "veteros"]
[Black "Marko"]
[Result "1/2-1/2"]
[WhiteCountry "AUS"]
[BlackCountry "CRO"]
[WhiteElo "1675"]
[WhiteRD "164"]
[BlackElo "1650"]
[BlackRD "206"]
[GameID "74315"]

1. e4 e5 2. Nf3 Nf6 3. Nxe5 d6 4. Nf3 Nxe4 5. d4 d5 6. Bd3 Nc6 7. O-O Be7 8. Re1 Bg4 9. c4 Nf6 10. cxd5 Bxf3
11. Qxf3 Qxd5 12. Qxd5 Nxd5 13. Nc3 Ncb4 14. Bc4 c6 15. a3 Nc2 16. Bg5 Nxe1 17. Rxe1 f6 18. Bxd5 fxg5 19. Be4 O-O 20. Bxc6 bxc6
21. Rxe7 Rfe8 22. Re3 Rad8 23. b4 Kf7 24. Rf3+ Kg6 25. Re3 Rxe3 26. fxe3 Rf8 27. h3 h5 28. Na4 g4 29. hxg4 hxg4 30. Nc5 g3
31. Nd3 Kf5=
1/2-1/2

[Event "Fast SC for NEW Members"]
[Site "SchemingMind.com"]
[Date "2006.11.04"]
[Round "-"]
[White "con h"]
[Black "veteros"]
[Result "1-0"]
[WhiteCountry "IRL"]
[BlackCountry "AUS"]
[WhiteElo "1298"]
[WhiteRD "137"]
[BlackElo "1339"]
[BlackRD "126"]
[GameID "74316"]

1. a4 d5 2. Ra3 e5 3. Re3 Nc6 4. Rc3 Nf6 5. Na3 Bf5 6. Rf3 Nd4 7. Rg3 Bxa3 8. bxa3 Bxc2 9. Re3 Ne4 10. Rc3 Bxd1
11. Kxd1 Nxc3+ 12. dxc3 Nb3 13. Bb2 Qg5 14. e3
1-0

[Event "Fast SC for NEW Members"]
[Site "SchemingMind.com"]
[Date "2006.11.03"]
[Round "-"]
[White "Tomasz Langier"]
[Black "veteros"]
[Result "0-1"]
[WhiteCountry "POL"]
[BlackCountry "AUS"]
[WhiteElo "1308"]
[WhiteRD "186"]
[BlackElo "1675"]
[BlackRD "164"]
[GameID "74317"]

1. c3 d5 2. e3 Nf6 3. Nf3 Bf5 4. g3 Qd7 5. Nh4 Be4 6. Rg1 Nc6 7. d3 Bf5 8. Nxf5 Qxf5 9. g4 Qd7 10. c4 dxc4
11. d4 e5 12. Bxc4 exd4 13. g5 Ne4 14. Qc2 Qf5 15. Nc3 dxc3 16. bxc3 Ne5 17. Bd5 Nf3+ 18. Kf1 Nfd2+ 19. Bxd2 Qxf2#
0-1

[Event "Fast SC for NEW Members"]
[Site "SchemingMind.com"]
[Date "2006.11.04"]
[Round "-"]
[White "bartleby en passant"]
[Black "veteros"]
[Result "1-0"]
[WhiteCountry "IRL"]
[BlackCountry "AUS"]
[WhiteElo "1777"]
[WhiteRD "109"]
[BlackElo "1339"]
[BlackRD "126"]
[GameID "74318"]

1. d4 d5 2. c4 e6 3. cxd5 exd5 4. Nc3 Nf6 5. Bg5 Be7 6. Nf3 h6 7. Bh4 Bf5 8. e3 Nc6 9. Bd3 Bxd3 10. Qxd3 Nb4
11. Qe2 c6 12. O-O O-O 13. a3 Na6 14. Rfe1 Re8 15. Ne5 Nb8 16. Rad1 Nbd7 17. Nxd7 Qxd7 18. Bxf6 Bxf6 19. Qd3 Re7 20. e4 Rae8
21. Re3
1-0

[Event "Fast SC for NEW Members"]
[Site "SchemingMind.com"]
[Date "2006.10.30"]
[Round "-"]
[White "Marko"]
[Black "veteros"]
[Result "1/2-1/2"]
[WhiteCountry "CRO"]
[BlackCountry "AUS"]
[WhiteElo "1650"]
[WhiteRD "206"]
[BlackElo "1675"]
[BlackRD "164"]
[GameID "74319"]

1. e4 c5 2. Nf3 d6 3. d4 cxd4 4. Nxd4 Nf6 5. Nc3 g6 6. Be3 Bg7 7. f3 Nc6 8. Qd2 Bd7 9. O-O-O Rc8 10. Kb1 Qa5
11. g4 h6 12. Nb3 Qc7 13. h4 a6 14. Bd3 Nb4 15. Be2 Be6 16. Nd4 Qa5 17. Nxe6 fxe6 18. a3 Nc6 19. f4 Nd8 20. g5 Qxc3
21. Qxc3 Rxc3 22. bxc3 Nxe4 23. Kc1 Nxc3 24. Rde1 Nxe2+ 25. Rxe2 hxg5 26. fxg5=
1/2-1/2

[Event "Fast SC for NEW Members"]
[Site "SchemingMind.com"]
[Date "2006.11.04"]
[Round "-"]
[White "macb4"]
[Black "con h"]
[Result "1-0"]
[WhiteCountry "NED"]
[BlackCountry "IRL"]
[WhiteElo "2018"]
[WhiteRD "110"]
[BlackElo "1298"]
[BlackRD "137"]
[GameID "74334"]

1. e4 a5 2. d4 Ra6 3. Bxa6 bxa6 4. Nc3 Nh6 5. Nge2 Ng4 6. f3 Nf6 7. Be3 Ng4 8. fxg4 Nc6 9. O-O e5 10. h3 exd4
11. Nxd4 Nb4 12. a3 Nc6 13. Nxc6 dxc6 14. Qxd8+ Kxd8 15. Rxf7 h6 16. Rd1+ Bd6 17. Rxg7 Re8 18. Bxh6 Be6 19. e5 Re7 20. exd6 Rd7
21. dxc7+ Kxc7 22. Rgxd7+ Bxd7 23. Rxd7+ Kxd7 24. g5 Ke8 25. g6 Ke7 26. Ne4 Ke6 27. g7 Kf7 28. Nf6 Kxf6 29. g8=Q c5 30. Bf4 Kf5
31. Qg5+ Ke4 32. Qe5#
1-0

[Event "Fast SC for NEW Members"]
[Site "SchemingMind.com"]
[Date "2006.11.02"]
[Round "-"]
[White "macb4"]
[Black "Tomasz Langier"]
[Result "1-0"]
[WhiteCountry "NED"]
[BlackCountry "POL"]
[WhiteElo "1906"]
[WhiteRD "143"]
[BlackElo "1308"]
[BlackRD "186"]
[GameID "74335"]

1. e4 e5 2. Nf3 f6 3. Nxe5 fxe5 4. Qh5+ Ke7 5. Qxe5+ Kf7 6. Bc4+ d5 7. Bxd5+ Kg6 8. h4 Bg4 9. h5+ Bxh5 10. Qf5+ Kh6
11. Rxh5#
1-0

[Event "Fast SC for NEW Members"]
[Site "SchemingMind.com"]
[Date "2006.11.02"]
[Round "-"]
[White "macb4"]
[Black "bartleby en passant"]
[Result "1-0"]
[WhiteCountry "NED"]
[BlackCountry "IRL"]
[WhiteElo "1906"]
[WhiteRD "143"]
[BlackElo "1490"]
[BlackRD "171"]
[GameID "74336"]

1. e4 e5 2. Nf3 Nc6 3. d4 exd4 4. Nxd4 Nf6 5. Nxc6 bxc6 6. e5 Qe7 7. Qe2 Nd5 8. c4 Ba6 9. b3 Nb4 10. Bb2 Qe6
11. a3 Bc5 12. axb4 Bxb4+ 13. Nc3 Rb8 14. Rxa6 Rb7 15. Qe3 Bxc3+ 16. Qxc3 O-O 17. Bd3 Re8 18. O-O h6 19. Rfa1 Rb6 20. Rxa7 Reb8
21. Rxc7 Rxb3 22. Qxb3
1-0

[Event "Fast SC for NEW Members"]
[Site "SchemingMind.com"]
[Date "2006.10.30"]
[Round "-"]
[White "macb4"]
[Black "Marko"]
[Result "1-0"]
[WhiteCountry "NED"]
[BlackCountry "CRO"]
[WhiteElo "2018"]
[WhiteRD "110"]
[BlackElo "1232"]
[BlackRD "133"]
[GameID "74337"]

1. e4 e5 2. Nf3 Nf6 3. Nxe5 d6 4. Nf3 Nxe4 5. Nc3 Nxc3 6. dxc3 Be7 7. Be3 Nc6 8. Qd2 O-O 9. O-O-O Ne5 10. Kb1 Re8
11. h4 Bg4 12. Be2 Qc8 13. h5 h6 14. Nxe5 Bxe2 15. Qxe2 dxe5 16. Qc4 c6 17. Rhe1
1-0

[Event "Fast SC for NEW Members"]
[Site "SchemingMind.com"]
[Date "2006.10.31"]
[Round "-"]
[White "macb4"]
[Black "veteros"]
[Result "1-0"]
[WhiteCountry "NED"]
[BlackCountry "AUS"]
[WhiteElo "2018"]
[WhiteRD "110"]
[BlackElo "1339"]
[BlackRD "126"]
[GameID "74338"]

1. e4 e5 2. Nf3 Nc6 3. d4 exd4 4. Nxd4 Nf6 5. Nxc6 bxc6 6. e5 Qe7 7. Qe2 Nd5 8. c4 Nb6 9. Nc3 Rb8 10. Qe4 Bb7
11. Be3 c5 12. Qf4 a6 13. Qg3 Qe6 14. b3 d6 15. O-O-O Qxe5 16. Bf4 Qh5 17. Re1+ Kd8 18. Bd3 h6 19. Re3
1-0

[Event "Fast SC for NEW Members"]
[Site "SchemingMind.com"]
[Date "2006.11.04"]
[Round "-"]
[White "con h"]
[Black "macb4"]
[Result "0-1"]
[WhiteCountry "IRL"]
[BlackCountry "NED"]
[WhiteElo "1298"]
[WhiteRD "137"]
[BlackElo "2018"]
[BlackRD "110"]
[GameID "74339"]

1. e4 d5 2. exd5 Qxd5 3. Qf3 Nf6 4. Nc3 Qa5 5. a4 Nc6 6. Nb5 a6 7. Nxc7+ Qxc7 8. Bc4 Ne5 9. Qd1 Qxc4 10. b3 Qc7
11. Nf3 Nxf3+ 12. Qxf3 Qe5+ 13. Qe3 Qxa1 14. Kd1 e6 15. Qf4 Ba3 16. d4 Bxc1 17. Qxc1 Qxd4+ 18. Qd2 Qxd2+ 19. Kxd2 Bd7 20. Re1 Bc6
21. Re3 O-O-O+ 22. Rd3 Rxd3+ 23. cxd3 Bxg2 24. Kc3 Kc7 25. b4 Rd8 26. b5 axb5 27. axb5 Kb6 28. Kc4 Bf1 29. f4 Rxd3 30. h4 Rf3+
31. Kd4 Kxb5 32. Ke5 Kc5 33. h5 Re3#
0-1

[Event "Fast SC for NEW Members"]
[Site "SchemingMind.com"]
[Date "2006.11.03"]
[Round "-"]
[White "Tomasz Langier"]
[Black "macb4"]
[Result "0-1"]
[WhiteCountry "POL"]
[BlackCountry "NED"]
[WhiteElo "1478"]
[WhiteRD "120"]
[BlackElo "2018"]
[BlackRD "110"]
[GameID "74340"]

1. e4 d5 2. Nc3 c6 3. exd5 cxd5 4. Qe2 Nc6 5. d3 Nf6 6. Bd2 Bg4 7. f3 Nd4 8. Qd1 Bd7 9. Be3 Nf5 10. Qe2 d4
11. Ne4 Nxe3 12. Nxf6+ exf6 13. g3 Bd6 14. Bh3 O-O 15. f4 Re8 16. g4 Nxc2+ 17. Kd2 Rxe2+ 18. Nxe2 Nxa1 19. Rxa1 Qa5+ 20. Kd1 Qb5
21. b3 Qxd3+ 22. Ke1 Qxh3
0-1

[Event "Fast SC for NEW Members"]
[Site "SchemingMind.com"]
[Date "2006.11.02"]
[Round "-"]
[White "bartleby en passant"]
[Black "macb4"]
[Result "0-1"]
[WhiteCountry "IRL"]
[BlackCountry "NED"]
[WhiteElo "1490"]
[WhiteRD "171"]
[BlackElo "1906"]
[BlackRD "143"]
[GameID "74341"]

1. e4 d5 2. exd5 Qxd5 3. Nc3 Qa5 4. Nf3 Nf6 5. d4 Nc6 6. Bd2 a6 7. Bd3 Bg4 8. O-O O-O-O 9. Re1 Qh5 10. Be4 Nxd4
11. Be3 Nxf3+ 12. Bxf3 Rxd1 13. Bxd1 Bxd1 14. Raxd1 e6 15. Bd4 Bd6 16. h3 e5 17. Be3 Bb4 18. Bd2 Rd8 19. Kh2 Bxc3 20. bxc3 Ne4
21. g4 Qh4 22. Rxe4 Qxf2+
0-1

[Event "Fast SC for NEW Members"]
[Site "SchemingMind.com"]
[Date "2006.10.30"]
[Round "-"]
[White "Marko"]
[Black "macb4"]
[Result "0-1"]
[WhiteCountry "CRO"]
[BlackCountry "NED"]
[WhiteElo "1232"]
[WhiteRD "133"]
[BlackElo "2018"]
[BlackRD "110"]
[GameID "74342"]

1. e4 d5 2. exd5 Qxd5 3. Nc3 Qa5 4. d4 Nf6 5. Nf3 Nc6 6. Bb5 Ne4 7. Bd2 Nxc3 8. Bxc6+ bxc6 9. Bxc3 Qd5 10. O-O Bg4
11. Re1 Bxf3 12. Qxf3 Qxf3 13. gxf3 e6 14. f4= O-O-O 15. Re5 Rd5 16. b4 Bd6 17. Rxd5 exd5 18. Bd2 Re8 19. Kf1 Re4 20. c3 Bxf4
21. Bxf4 Rxf4
0-1

[Event "Fast SC for NEW Members"]
[Site "SchemingMind.com"]
[Date "2006.10.31"]
[Round "-"]
[White "veteros"]
[Black "macb4"]
[Result "0-1"]
[WhiteCountry "AUS"]
[BlackCountry "NED"]
[WhiteElo "1339"]
[WhiteRD "126"]
[BlackElo "2018"]
[BlackRD "110"]
[GameID "74343"]

1. e4 d5 2. exd5 Qxd5 3. Nc3 Qa5 4. Nf3 Nf6 5. Be2 Nc6 6. O-O Bg4 7. d3 e6 8. Bd2 O-O-O 9. Ng5 Bxe2 10. Nxe2 Bb4
11. Bxb4 Qxg5 12. Ba3 a6 13. Re1 h5 14. Qc1 Qg6 15. Nf4 Qf5 16. Ne2 h4 17. h3 e5
0-1